000 00438nam a2200169Ia 4500
999 _c1706
_d1706
003 OSt
005 20200924104315.0
008 190216s9999||||xx |||||||||||||| ||und||
040 _coclc
082 _a581
_bANN/T
100 _aRagland, Annie
_94791
245 0 _aA Text Book Of Botany /
_cAnnie
260 _bSaras Publications,
300 _a950p
650 _aBotany
942 _cBK
_2ddc
_h581
_iANN/T
_k581
_mANN/T